[Event "OP-2012-0-02480"]
[Site "LSS email"]
[Date "2012.11.03"]
[Round "?"]
[White "Haeusler, Werner"]
[Black "Levin, Alex"]
[Result "1-0"]
[WhiteElo "2413"]
[BlackElo "476"]
[PlyCount "37"]
[EventDate "2012.11.01"]
[EventType "tourn (corr)"]
[EventRounds "4"]
[EventCountry "GER"]
[SourceTitle "Corr 2015"]
[Source "ChessBase"]
[SourceDate "2015.07.17"]
[SourceVersion "1"]
[SourceVersionDate "2015.07.17"]
[SourceQuality "1"]

1. e4 e5 2. Nf3 Nc6 3. Bb5 a6 4. Ba4 Nf6 5. 0-0 Nxe4 6. d4 b5 7. Bb3 d5 8. dxe5 Be6 9. Be3 Be7 10. c3 0-0 11. Nbd2 Na5 12. Nxe4 dxe4 13. Bxe6 exf3 14. Bd5 fxg2 15. Re1 c6 16. Bxg2 Qc7 17. Qg4 Rac8 18. Rad1 Qxe5 19. Bb6 1-0

[Event "LSS SN-2007-0-00021"]
[Site "LSS email"]
[Date "2007.02.07"]
[Round "?"]
[White "Levin, Alex"]
[Black "Petidis, Kostas"]
[Result "0-1"]
[WhiteElo "476"]
[BlackElo "675"]
[PlyCount "26"]
[EventDate "2007.02.05"]
[EventType "tourn (corr)"]
[EventRounds "6"]
[EventCountry "GER"]
[SourceTitle "Corr 2015"]
[Source "ChessBase"]
[SourceDate "2015.07.17"]
[SourceVersion "1"]
[SourceVersionDate "2015.07.17"]
[SourceQuality "1"]

1. e4 c5 2. Nc3 Nc6 3. Nf3 d6 4. Bc4 Nf6 5. d4 cxd4 6. Nxd4 g6 7. Bxf7+ Kxf7 8. Qf3 Nxd4 9. Qd3 Nc6 10. 0-0 Bg7 11. Bg5 Ne5 12. Qe3 Rf8 13. b3 Kg8 0-1

[Event "IECC M-5229"]
[Site "IECC email"]
[Date "2005.04.10"]
[Round "?"]
[White "Powell, Wayne"]
[Black "Levin, Alex"]
[Result "1-0"]
[WhiteElo "944"]
[BlackElo "1132"]
[PlyCount "43"]
[EventDate "2005.??.??"]
[EventType "tourn (corr)"]
[EventRounds "10"]
[SourceTitle "Corr 2020"]
[Source "ChessBase"]
[SourceDate "2019.09.30"]
[SourceVersion "1"]
[SourceVersionDate "2019.09.30"]
[SourceQuality "1"]
[WhiteTeam "United States"]
[BlackTeam "United States"]
[WhiteTeamCountry "USA"]
[BlackTeamCountry "USA"]

1. e4 e5 2. Nf3 Nc6 3. Bc4 Bc5 4. d3 Nf6 5. 0-0 d6 6. Re1 Bg4 7. Be3 Bxe3 8. Rxe3 Nd4 9. Qe1 Nxc2 10. Qc1 Nxe3 11. fxe3 Bxf3 12. gxf3 0-0 13. Qd2 Qd7 14. Nc3 c6 15. Qg2 d5 16. exd5 cxd5 17. Bb3 d4 18. exd4 Qxd4+ 19. Qf2 Qxf2+ 20. Kxf2 Nh5 21. Nd5 Kh8 22. Rc1 1-0

[Event "IECC M-5227"]
[Site "IECC email"]
[Date "2005.04.06"]
[Round "?"]
[White "Mitchell, T T"]
[Black "Levin, Alex"]
[Result "0-1"]
[WhiteElo "846"]
[BlackElo "1174"]
[PlyCount "84"]
[EventDate "2005.??.??"]
[EventType "tourn (corr)"]
[EventRounds "10"]
[SourceTitle "Corr 2020"]
[Source "ChessBase"]
[SourceDate "2019.09.30"]
[SourceVersion "1"]
[SourceVersionDate "2019.09.30"]
[SourceQuality "1"]
[WhiteTeam "United States"]
[BlackTeam "United States"]
[WhiteTeamCountry "USA"]
[BlackTeamCountry "USA"]

1. e4 e5 2. Nf3 Nc6 3. c3 Nf6 4. d3 d5 5. Nbd2 dxe4 6. dxe4 Bc5 7. h3 Be6 8. Be2 Qd7 9. b3 0-0-0 10. Ng5 Nd4 11. Nxe6 fxe6 12. 0-0 Nxe2+ 13. Qxe2 Qf7 14. b4 Bb6 15. Nc4 Nd7 16. Nxb6+ Nxb6 17. Be3 Kb8 18. Bxb6 cxb6 19. Qb5 Qf4 20. Rad1 Qxe4 21. Rxd8+ Rxd8 22. Qa4 Qe2 23. Rc1 Rd2 24. Qe8+ Kc7 25. Qe7+ Kc6 26. Qe8+ Kd5 27. Qd8+ Ke4 28. Qh4+ Kf5 29. Qg4+ Qxg4 30. hxg4+ Kxg4 31. a4 Rd5 32. Re1 Kf5 33. Re3 Kf6 34. Rf3+ Ke7 35. Re3 a5 36. b5 Rc5 37. Kh2 Rc4 38. Rxe5 Rxa4 39. Re3 Ra1 40. c4 a4 41. Re2 Kd6 42. f4 a3 0-1

[Event "IECC CL7-2005.01 email"]
[Site "IECC email"]
[Date "2005.01.11"]
[Round "?"]
[White "Marko, Karol"]
[Black "Levin, Alex"]
[Result "0-1"]
[WhiteElo "1036"]
[BlackElo "1115"]
[PlyCount "87"]
[EventDate "2005.??.??"]
[EventType "tourn (corr)"]
[EventRounds "4"]
[SourceTitle "Corr 2020"]
[Source "ChessBase"]
[SourceDate "2019.09.30"]
[SourceVersion "1"]
[SourceVersionDate "2019.09.30"]
[SourceQuality "1"]
[WhiteTeam "Slovakia"]
[BlackTeam "United States"]
[WhiteTeamCountry "SVK"]
[BlackTeamCountry "USA"]

1. e4 e6 2. d4 d5 3. e5 c5 4. Be3 Qb6 5. b3 Nc6 6. a3 cxd4 7. Bf4 Nge7 8. Nf3 Ng6 9. Bg3 Be7 10. Bd3 Qa5+ 11. Nfd2 Ngxe5 12. Bxe5 Nxe5 13. Qe2 Nxd3+ 14. Qxd3 Bb4 15. Qxd4 Bf8 16. b4 Qc7 17. c4 dxc4 18. Qxc4 Qe5+ 19. Qe2 Qxa1 20. Qb5+ Bd7 21. Qxb7 Qe5+ 22. Qe4 Qxe4+ 23. Nxe4 f5 24. Nec3 Bd6 25. 0-0 0-0 26. Rd1 Bxb4 27. axb4 Rfd8 28. b5 Be8 29. Rxd8 Rxd8 30. Kf1 Rc8 31. Ke2 Rc5 32. Kd3 Bxb5+ 33. Nxb5 Rxb5 34. Nc3 Rb7 35. Na4 Kf7 36. Nc5 Rb2 37. Ke3 a5 38. Nd3 Rb8 39. Ne5+ Ke8 40. Nc6 Ra8 41. f4 a4 42. Kd2 a3 43. Nb4 a2 44. Nxa2 0-1

[Event "IECC M-5186"]
[Site "IECC email"]
[Date "2005.01.09"]
[Round "?"]
[White "Hilton, Jim"]
[Black "Levin, Alex"]
[Result "0-1"]
[WhiteElo "998"]
[BlackElo "1014"]
[PlyCount "70"]
[EventDate "2005.??.??"]
[EventType "tourn (corr)"]
[EventRounds "10"]
[SourceTitle "Corr 2020"]
[Source "ChessBase"]
[SourceDate "2019.09.30"]
[SourceVersion "1"]
[SourceVersionDate "2019.09.30"]
[SourceQuality "1"]
[WhiteTeam "United States"]
[BlackTeam "United States"]
[WhiteTeamCountry "USA"]
[BlackTeamCountry "USA"]

1. e4 e6 2. d4 d5 3. Nc3 Bb4 4. e5 Ne7 5. Bd3 c5 6. dxc5 Nbc6 7. Qh5 d4 8. Nge2 dxc3 9. bxc3 g6 10. Qg5 Bxc5 11. 0-0 h6 12. Qf6 Rh7 13. Nf4 Qc7 14. Nh5 Nxe5 15. Ng7+ Kf8 16. Bf4 Ng4 17. Bxc7 Nxf6 18. Bf4 Kxg7 19. Rad1 Ned5 20. Be5 Bd7 21. Bc4 Bc6 22. h4 g5 23. h5 Be7 24. Rfe1 Kf8 25. Bxf6 Bxf6 26. Bxd5 Bxd5 27. g4 Rd8 28. c4 Bxc4 29. Rxd8+ Bxd8 30. Rd1 Ke7 31. f3 Bxa2 32. Ra1 Bb6+ 33. Kg2 Bd5 34. c3 Rh8 35. Rc1 Rc8 0-1

[Event "IECG QN.2003.0.00305 email "]
[Site "IECG email"]
[Date "2003.12.26"]
[Round "?"]
[White "Hendershot, Paul"]
[Black "Levin, Alex"]
[Result "1-0"]
[WhiteElo "712"]
[BlackElo "800"]
[PlyCount "43"]
[EventDate "2003.12.26"]
[EventType "tourn (corr)"]
[EventRounds "6"]
[SourceTitle "Corr 2008"]
[Source "ChessBase"]
[SourceDate "2008.06.24"]
[SourceVersion "1"]
[SourceVersionDate "2008.06.24"]
[SourceQuality "1"]

1. e4 c5 2. d3 Nc6 3. c3 d5 4. exd5 Qxd5 5. Be2 Qxg2 6. Bf3 Qg6 7. Ne2 e5 8. Rg1 Qd6 9. Na3 Be6 10. Bg5 f6 11. Nb5 Qd7 12. Be3 a6 13. Na3 0-0-0 14. Qa4 Bd5 15. Nc4 Kc7 16. Bxd5 Qxd5 17. 0-0-0 Ra8 18. Qb3 b5 19. Qc2 bxc4 20. dxc4 Qxc4 21. b3 Qh4 22. Qd3 1-0

[Event "IECG QN.2003.0.00305 email "]
[Site "IECG email"]
[Date "2003.12.26"]
[Round "?"]
[White "Levin, Alex"]
[Black "Hendershot, Paul"]
[Result "0-1"]
[WhiteElo "800"]
[BlackElo "712"]
[PlyCount "30"]
[EventDate "2003.12.26"]
[EventType "tourn (corr)"]
[EventRounds "6"]
[SourceTitle "Corr 2008"]
[Source "ChessBase"]
[SourceDate "2008.06.24"]
[SourceVersion "1"]
[SourceVersionDate "2008.06.24"]
[SourceQuality "1"]

1. e4 e5 2. d4 Bd6 3. dxe5 Bxe5 4. Nf3 d6 5. Nxe5 dxe5 6. Qxd8+ Kxd8 7. Bc4 Be6 8. Bxe6 fxe6 9. Nd2 Nc6 10. 0-0 Nd4 11. c3 Ne2+ 12. Kh1 Ke7 13. Nf3 Nf6 14. Nxe5 Nxe4 15. Re1 Nxf2# 0-1